000 00524nam a2200181Ia 4500
008 151018s9999 xx 000 0 und d
082 _bRBASDV10977
_a891.433
100 _aचंन्दर
245 _aचीनी सुंदरी
250 _b1
260 _bहिंद पॉकेट बुक्स
_c1970
300 _a175
600 _aचंन्दर
630 _aचीनी सुंदरी
700 _aचंन्दर
730 _aचीनी सुंदरी
942 _cBOOK
999 _c1013329
_d1013326